000 00527nam a22001817a 4500
999 _c524232
_d524232
003 NUST
038 _aWaseem
082 _a891.491101
_bMUJ
100 _aMujahida
_914933
245 _aWaris di Wrasat /
_cmujahida
260 _aLahore :
_bIdara Punjabi Likharian,
_c2011.
300 _a184 p. ;
500 _aBibliography.
880 _6100-01\r
_aمجاہدہ
880 _6245-02\r
_aوارث دی وراثت /
880 _6260-03\r
_aلاہور :
_bادارہ پنجابی لکھاریاں,
_c۲۰۱۱.
942 _2ddc
_cBK